00363nam a2200133Ia 4500008004100000041000800041082001400049100002000063245004500083250001400128260004800142300003200190365000700222240624s9999 xx 000 0 und d aeng a363.2 BEN aBENNETT WAYNE W aMANAGEMENT AND SUPERVISION IN LAW ENFORC a(3rd ed.) c2001aAustraliabWadsworth Thomson Learning axxix, : 618 : p. : cm. ; 26 b30